| 000 | 02576nam a22005537a 4500 | ||
|---|---|---|---|
| 999 |
_c63790 _d63790 |
||
| 001 | 768714001 | ||
| 003 | CO-MdFUSB | ||
| 005 | 20180622072548.0 | ||
| 008 | 170130t2014 sp ||||f |||| 00| 0 spa d | ||
| 020 | _a9788499450520 | ||
| 040 |
_aCO-MdFUSB _bspa _cCO-MdFUSB _dCO-MdFUSB _erda |
||
| 041 | _aspa | ||
| 082 |
_224 _a225.9 _bEN61p |
||
| 245 |
_aPara entender el mundo social del Nuevo Testamento _c/ Editado por : Dietmar Neufeld y Richard E. DeMaris |
||
| 264 | 4 |
_aEstella, Navarra: _bVerbo Divino, _c©2014 |
|
| 264 | 4 | _c©2014 | |
| 300 |
_a415 páginas _c; 23 cm. |
||
| 336 |
_2rdacontent _atexto _btxt |
||
| 337 |
_2rdamedia _asin mediación _bn |
||
| 338 |
_2rdacarrier _avolumen _bnc |
||
| 490 | _aÁgora | ||
| 504 | _aIncluye bibliografía (páginas: 343-390) | ||
| 504 | _aIncluye índice de fuentes antiguas | ||
| 504 | _aIncluye índice de autores modernos | ||
| 504 | _aIncluye índice de materia | ||
| 505 | _aParte I: Identidad: | ||
| 505 |
_a1. El colectivismo en la cultura mediterránea _rBruce J. Malina |
||
| 505 |
_a2. Parentesco y familia en el mundo del Nuevo Testamento _rMargaret Y. MacDonald |
||
| 505 |
_a3. Los conceptos de género en el mundo imperial romano _rCarolyn Osiek y Jennifer Pouya |
||
| 505 |
_a4. Paisaje y espacialidad: ubicación de Jesús _rHalvor Moxnes |
||
| 505 | _aParte II: Interacción y compromiso social | ||
| 505 |
_a5. Honor: valor esencial en el mundo bíblico _rRichard L. Rohrbaugh |
||
| 505 |
_a6. Estados de conciencia alterados: visiones, posesión por espíritus, viajes al cielo _rPieter F. Craffert |
||
| 505 |
_a7. Actividad sanadora de Jesús: ¿actos políticos? _rJohn J. Pilch |
||
| 505 |
_a8. Estratificación social y patronato en sociedades mediterráneas de la antigüedad
_rEric C. Stewart |
||
| 505 |
_a9. Mediación: Jesús, visto como emprendedor social
_rAlicia Batten |
||
| 505 |
_a10. Estructura urbana y patronato: seguidores de Cristo en Corinto
_rPeter Oakes |
||
| 505 |
_a11. La economía antigua y el Nuevo Testamento
_rDavid A. Fiensy |
||
| 505 |
_a12. Pureza, suciedad, anomalías y abominaciones
_rRitva H. Williams |
||
| 505 |
_a13. El rito y los orígenes cristianos
_rRisto Uro |
||
| 534 |
_cUnderstanding the social world of the New Testament _pTítulo original: |
||
| 540 | _aRústico | ||
| 630 | 7 |
_aBiblia. _pNuevo Testamento _xVida social y costumbres |
|
| 700 |
_9708 _aNeufeld, Dietmar _eeditor |
||
| 700 |
_9709 _aDeMaris, Richard E. _eeditor |
||
| 700 |
_9712 _aFernández Martínez, Serafín _etraductor |
||
| 830 | _v35 | ||
| 942 | _cBK | ||